000 00547nam a2200181Ia 4500
001 17289
005 20260306171506.0
008 260306s9999||||xx |||||||||||||| ||und||
041 _aESP
082 _a657.61
_bI61A 2018
100 _aInternational Financial Reporting Standards
_eAUT
245 0 _aLas normas NIIF ilustradas parte A:
_bnormas emitidas a 1 de enero de 2018 que reflejan cambios todavía no requeridos
260 _c2018
300 _aA1968 páginas :
_c25 cm.
650 _aGEN
654 _aCCO
942 _cLIB
_dJUS
_fJUS
_2ddc
_n
999 _c17289
_d17289